[Event "ECU-ch (Women)"]
[Site "Banos de Agua Santa"]
[Date "2020.03.14"]
[Round "7"]
[White "Velin Visuma, Yosmy"]
[Black "Sarmiento Robles, Paula Andrea"]
[Result "1/2-1/2"]
[WhiteElo "1566"]
[BlackElo "1861"]
[PlyCount "63"]
[EventDate "2020.03.10"]
[EventType "swiss"]
[EventRounds "9"]
[EventCountry "ECU"]
[SourceTitle "CBM 195 Extra"]
[Source "ChessBase"]
[SourceDate "2020.05.31"]
[SourceVersion "1"]
[SourceVersionDate "2020.05.31"]
[SourceQuality "1"]

1. d4 d5 2. c4 e6 3. Nc3 Nf6 4. cxd5 exd5 5. Bg5 Be7 6. e3 c6 7. Bd3 Nbd7 8. Qc2 0-0 9. Nge2 Re8 10. 0-0 Nf8 11. f3 h6 12. Bh4 Ne6 13. Rad1 b6 14. Kh1 Bb7 15. Bf2 c5 16. Bb5 Rf8 17. dxc5 bxc5 18. Ng3 a6 19. Bd3 Rc8 20. Nf5 Kh8 21. b3 Re8 22. Nxe7 Qxe7 23. Qb1 Qc7 24. Ne2 a5 25. Rc1 Bc6 26. Qb2 Qb7 27. Bh4 Nd7 28. Rc2 a4 29. Ng3 axb3 30. axb3 Rb8 31. Rb1 Qa7 32. Nf5 1/2-1/2

[Event "Pan American-ch U20 Girls"]
[Site "Cochabamba"]
[Date "2019.08.05"]
[Round "7"]
[White "Sarmiento Robles, Paula Andrea"]
[Black "Figueroa Bernal, Julia Dennis Paloma"]
[Result "1/2-1/2"]
[WhiteElo "1876"]
[BlackElo "1837"]
[PlyCount "76"]
[EventDate "2019.08.01"]
[EventType "swiss"]
[EventRounds "9"]
[EventCountry "BOL"]
[SourceTitle "EXT 2021"]
[Source "ChessBase"]
[SourceDate "2020.10.23"]
[SourceVersion "1"]
[SourceVersionDate "2020.10.23"]
[SourceQuality "1"]

1. g3 c5 2. Bg2 Nc6 3. d3 g6 4. e4 Bg7 5. Nc3 Rb8 6. a4 a6 7. Be3 d6 8. Nge2 Nd4 9. 0-0 e6 10. Rb1 Qc7 11. Bd2 Bd7 12. b3 Ne7 13. Nxd4 cxd4 14. Ne2 b5 15. axb5 axb5 16. b4 Qb6 17. c3 Nc6 18. cxd4 Nxd4 19. Be3 0-0 20. Nxd4 Bxd4 21. Bxd4 Qxd4 22. Qd2 Ra8 23. e5 d5 24. Rfe1 Ra3 25. Bf1 Rc8 26. Qg5 Ra2 27. Re3 Qa7 28. Rf3 Be8 29. Rc1 Rxc1 30. Qxc1 Ra4 31. d4 Qe7 32. Qc3 Qd7 33. Rf4 Qa7 34. Qc8 Qe7 35. Qc3 Qd7 36. Rh4 Qa7 37. Qc8 Qe7 38. Qc3 Qd7 1/2-1/2

[Event "Pan American-ch U20 Girls"]
[Site "Cochabamba"]
[Date "2019.08.03"]
[Round "4"]
[White "Rosado Perez, Maria Jose"]
[Black "Sarmiento Robles, Paula Andrea"]
[Result "1-0"]
[WhiteElo "1810"]
[BlackElo "1876"]
[PlyCount "87"]
[EventDate "2019.08.01"]
[EventType "swiss"]
[EventRounds "9"]
[EventCountry "BOL"]
[SourceTitle "EXT 2020"]
[Source "ChessBase"]
[SourceDate "2019.10.17"]
[SourceVersion "1"]
[SourceVersionDate "2019.10.17"]
[SourceQuality "1"]

1. e4 e6 2. d3 d5 3. Nd2 Nf6 4. g3 dxe4 5. dxe4 e5 6. Bg2 Nc6 7. Ngf3 h6 8. 0-0 Be6 9. c3 Bd6 10. Qe2 0-0 11. Rd1 Qe7 12. Nc4 Rfd8 13. b4 a6 14. a4 Bg4 15. Bb2 Qe6 16. Ncd2 a5 17. b5 Nb8 18. Nc4 Nbd7 19. Nxd6 cxd6 20. h3 Bxh3 21. Bxh3 Qxh3 22. Rxd6 Nc5 23. Rxd8+ Rxd8 24. c4 Qg4 25. Bxe5 Nfxe4 26. Re1 Rd3 27. Kg2 Qd7 28. Bxg7 Kxg7 29. Ne5 Qf5 30. Nxd3 Nxd3 31. Rf1 Nc3 32. Qd2 Qe4+ 33. f3 Qe2+ 34. Qxe2 Nxe2 35. Rd1 Nc5 36. Rd5 b6 37. Kf2 Nc3 38. Rd4 N5xa4 39. Rd6 f6 40. Ke3 Nb2 41. Kd4 Nba4 42. Kd3 Kf7 43. Kc2 Ke7 44. Rd2 1-0

[Event "Guayaquil zt 2.4 (Women)"]
[Site "Guayaquil"]
[Date "2019.04.13"]
[Round "8"]
[White "Sarmiento Robles, Paula Andrea"]
[Black "Bohorquez Canizares, Maria Isabel"]
[Result "1-0"]
[WhiteElo "1852"]
[BlackElo "1461"]
[PlyCount "75"]
[EventDate "2019.04.09"]
[EventType "tourn"]
[EventRounds "9"]
[EventCountry "ECU"]
[SourceTitle "CBM 189 Extra"]
[Source "ChessBase"]
[SourceDate "2019.06.03"]
[SourceVersion "1"]
[SourceVersionDate "2019.06.03"]
[SourceQuality "1"]

1. c4 Nf6 2. g3 g6 3. Bg2 Bg7 4. Nc3 d6 5. d3 0-0 6. e4 e5 7. Nge2 c6 8. 0-0 Nbd7 9. h3 a6 10. Be3 b5 11. b4 Nb6 12. c5 dxc5 13. Bxc5 Re8 14. a4 Nfd7 15. Be3 Qe7 16. a5 Na4 17. Nxa4 bxa4 18. Qxa4 Bb7 19. Rac1 Bf8 20. Rc4 Rac8 21. Rfc1 h5 22. Qc2 Kh7 23. Qd2 Bg7 24. Kh2 f6 25. h4 Qf8 26. Nc3 Qf7 27. Na4 Bf8 28. Qc2 Rc7 29. Rd1 Rcc8 30. Bh3 f5 31. exf5 gxf5 32. d4 e4 33. Rf1 Bd6 34. f3 f4 35. fxe4 fxg3+ 36. Kg1 Qg7 37. e5+ Kh8 38. Nb6 1-0

[Event "ECU-ch (Women)"]
[Site "Salinas"]
[Date "2019.03.07"]
[Round "4"]
[White "Nunez Giler, Fanny Cecilia"]
[Black "Sarmiento Robles, Paula Andrea"]
[Result "0-1"]
[WhiteElo "1700"]
[BlackElo "1855"]
[PlyCount "82"]
[EventDate "2019.03.05"]
[EventType "swiss"]
[EventRounds "9"]
[EventCountry "ECU"]
[SourceTitle "EXT 2020"]
[Source "ChessBase"]
[SourceDate "2019.10.17"]
[SourceVersion "1"]
[SourceVersionDate "2019.10.17"]
[SourceQuality "1"]

1. e4 e6 2. d4 d5 3. Bd3 c5 4. exd5 exd5 5. Nf3 c4 6. Be2 Bd6 7. 0-0 Nc6 8. b3 cxb3 9. axb3 Nge7 10. c4 0-0 11. Nc3 Bg4 12. Be3 a6 13. Nh4 Be6 14. f4 Re8 15. f5 Bxf5 16. Rxf5 Nxf5 17. Nxf5 dxc4 18. bxc4 Rxe3 19. Nxe3 Nxd4 20. Qe1 Qg5 21. Ncd5 Re8 22. h4 Qg3 23. Rd1 Qh2+ 24. Kf1 Qh1+ 25. Kf2 Qxh4+ 26. Kf1 Bg3 27. Qxg3 Qxg3 28. Rxd4 Qe5 29. Rd1 f5 30. Bf3 b5 31. cxb5 axb5 32. Rb1 Rb8 33. Nxf5 Kh8 34. Nfe3 Qd4 35. Ke2 b4 36. Nc2 Qc4+ 37. Kd1 b3 38. Ne1 Rd8 39. Kd2 Ra8 40. Ne3 Ra2+ 41. Kd1 Qd4+ 0-1

[Event "ECU-ch (Women)"]
[Site "Salinas"]
[Date "2019.03.07"]
[Round "5"]
[White "Sarmiento Robles, Paula Andrea"]
[Black "Penafiel Mendoza, Josselyne Stefania"]
[Result "1/2-1/2"]
[WhiteElo "1855"]
[BlackElo "1702"]
[PlyCount "58"]
[EventDate "2019.03.05"]
[EventType "swiss"]
[EventRounds "9"]
[EventCountry "ECU"]
[SourceTitle "EXT 2020"]
[Source "ChessBase"]
[SourceDate "2019.10.17"]
[SourceVersion "1"]
[SourceVersionDate "2019.10.17"]
[SourceQuality "1"]

1. c4 Nf6 2. g3 g6 3. Bg2 Bg7 4. Nc3 0-0 5. d3 d6 6. e4 e5 7. Nge2 c6 8. 0-0 Na6 9. h3 Nc7 10. Be3 d5 11. exd5 cxd5 12. Bg5 d4 13. Ne4 Ne6 14. Bh4 h6 15. f4 exf4 16. Nxf6+ Bxf6 17. Bxf6 Qxf6 18. Nxf4 Qg5 19. Qf3 Nxf4 20. Qxf4 Bf5 21. Qxg5 hxg5 22. Rad1 Rae8 23. Bxb7 Rb8 24. Be4 Bxh3 25. Rf2 Kg7 26. Bg2 Bg4 27. Re1 Rbe8 28. Rxe8 Rxe8 29. Rd2 Re1+ 1/2-1/2

[Event "ECU-ch (Women)"]
[Site "Salinas"]
[Date "2019.03.06"]
[Round "2"]
[White "Oleas Vanegas, Micaela Carolina"]
[Black "Sarmiento Robles, Paula Andrea"]
[Result "1/2-1/2"]
[WhiteElo "1685"]
[BlackElo "1855"]
[PlyCount "86"]
[EventDate "2019.03.05"]
[EventType "swiss"]
[EventRounds "9"]
[EventCountry "ECU"]
[SourceTitle "EXT 2020"]
[Source "ChessBase"]
[SourceDate "2019.10.17"]
[SourceVersion "1"]
[SourceVersionDate "2019.10.17"]
[SourceQuality "1"]

1. e4 e6 2. d4 d5 3. e5 c5 4. c3 Qb6 5. Nf3 Bd7 6. a3 a5 7. b3 Na6 8. Be2 cxd4 9. cxd4 Ne7 10. 0-0 Rc8 11. Be3 Nc6 12. Nc3 Na7 13. Na4 Qd8 14. Qd2 Bb5 15. Rfb1 Be7 16. Nc3 Rxc3 17. Bxb5+ Nxb5 18. a4 Bb4 19. axb5 Rxb3 20. Rxb3 Bxd2 21. bxa6 Bb4 22. axb7 0-0 23. Bd2 Qb6 24. Bxb4 axb4 25. Rab1 Qxb7 26. Rxb4 Qc7 27. h3 h6 28. Rb7 Qc2 29. R7b2 Qf5 30. Rb8 Rxb8 31. Rxb8+ Kh7 32. Rb7 Qf4 33. Rc7 g5 34. Kf1 Kg7 35. Rc3 Qe4 36. Kg1 h5 37. Re3 Qb1+ 38. Kh2 Qf5 39. Nxg5 Qf4+ 40. Kg1 Qxd4 41. Nf3 Qd1+ 42. Re1 Qc2 43. Kf1 d4 1/2-1/2

[Event "ECU pre olympic (Women)"]
[Site "Duran"]
[Date "2016.05.10"]
[Round "2"]
[White "Sarmiento Robles, Paula Andrea"]
[Black "Moncayo Romero, Evelyn"]
[Result "0-1"]
[WhiteElo "1782"]
[BlackElo "2022"]
[PlyCount "56"]
[EventDate "2016.05.09"]
[EventType "tourn"]
[EventRounds "11"]
[EventCountry "ECU"]
[SourceTitle "CBM 172 Extra"]
[Source "ChessBase"]
[SourceDate "2016.06.21"]
[SourceVersion "1"]
[SourceVersionDate "2016.06.21"]
[SourceQuality "1"]

1. e4 c5 2. Nf3 d6 3. Bb5+ Bd7 4. c4 a6 5. Bxd7+ Nxd7 6. Nc3 g6 7. d4 cxd4 8. Qxd4 Ngf6 9. 0-0 Bg7 10. b3 0-0 11. Bb2 Nc5 12. e5 Nfd7 13. Rfe1 dxe5 14. Qd2 e4 15. Ng5 Nd3 16. Rxe4 Nxb2 17. Qxb2 Qa5 18. Rd1 Bxc3 19. Qc1 Bf6 20. Nxh7 Kxh7 21. Rxd7 Qf5 22. Rexe7 Bxe7 23. Rxe7 Rfe8 24. Rxb7 Re2 25. f3 Rae8 26. Kf1 Rxa2 27. Qd1 Qf6 28. Qb1 Ree2 0-1

[Event "South America-ch U16 Girls 12th"]
[Site "Santa Cruz"]
[Date "2015.12.06"]
[Round "7"]
[White "Sarmiento Robles, Paula Andrea"]
[Black "Quevedo, Andreina"]
[Result "1/2-1/2"]
[WhiteElo "1796"]
[BlackElo "1662"]
[PlyCount "65"]
[EventDate "2015.12.02"]
[EventType "swiss"]
[EventRounds "9"]
[EventCountry "BOL"]
[SourceTitle "CBM 170 Extra"]
[Source "ChessBase"]
[SourceDate "2016.02.25"]
[SourceVersion "1"]
[SourceVersionDate "2016.02.25"]
[SourceQuality "1"]

1. e4 e5 2. Nf3 Nc6 3. Bb5 a6 4. Ba4 Nf6 5. 0-0 b5 6. Bb3 Bc5 7. c3 d6 8. d4 Bb6 9. h3 h6 10. Re1 0-0 11. Be3 Bb7 12. Nbd2 Re8 13. Bc2 Qd7 14. a4 exd4 15. Nxd4 Nxd4 16. Bxd4 Bxd4 17. cxd4 Re7 18. Ra3 b4 19. Rae3 a5 20. Bb3 Rae8 21. f3 Nh5 22. Nc4 Ra8 23. Qc2 Nf4 24. Qf2 Bc6 25. Qg3 Ng6 26. Ra1 d5 27. Nd2 Kh8 28. e5 Qf5 29. Rc1 Bb7 30. Rc5 Qf4 31. Qxf4 Nxf4 32. Kh2 Ne6 33. Rb5 1/2-1/2

[Event "South America-ch U16 Girls 12th"]
[Site "Santa Cruz"]
[Date "2015.12.05"]
[Round "6"]
[White "Monroy Garzon, Nataly Alejandra"]
[Black "Sarmiento Robles, Paula Andrea"]
[Result "1/2-1/2"]
[WhiteElo "2050"]
[BlackElo "1796"]
[PlyCount "47"]
[EventDate "2015.12.02"]
[EventType "swiss"]
[EventRounds "9"]
[EventCountry "BOL"]
[SourceTitle "CBM 170 Extra"]
[Source "ChessBase"]
[SourceDate "2016.02.25"]
[SourceVersion "1"]
[SourceVersionDate "2016.02.25"]
[SourceQuality "1"]

1. d4 d5 2. c4 c6 3. Nf3 e6 4. g3 f5 5. cxd5 exd5 6. Bg2 Bd6 7. Nc3 Nf6 8. 0-0 0-0 9. Ne5 Nbd7 10. Nd3 Qe7 11. Bf4 b6 12. Bxd6 Qxd6 13. Rc1 Bb7 14. Qc2 Rae8 15. e3 Ne4 16. b4 Ba6 17. a3 Rf6 18. Rfd1 Nxc3 19. Qxc3 Bxd3 20. Qxd3 b5 21. Qb3 Nb6 22. Ra1 g5 23. Re1 Kg7 24. Qd3 1/2-1/2

[Event "Pan American-ch U16 Girls"]
[Site "Cali"]
[Date "2015.07.02"]
[Round "8"]
[White "Solis Chimoy, Blanca de Lourdes"]
[Black "Sarmiento Robles, Paula Andrea"]
[Result "0-1"]
[WhiteElo "1839"]
[BlackElo "1775"]
[PlyCount "103"]
[EventDate "2015.06.28"]
[EventType "swiss"]
[EventRounds "9"]
[EventCountry "COL"]
[SourceTitle "EXT 2016"]
[Source "ChessBase"]
[SourceDate "2015.10.08"]
[SourceVersion "1"]
[SourceVersionDate "2015.10.08"]
[SourceQuality "1"]

1. d4 d5 2. Nf3 e6 3. Bf4 c6 4. e3 Nf6 5. c4 Bd6 6. Bg5 Nbd7 7. Nc3 0-0 8. Be2 Qc7 9. c5 Be7 10. Bf4 Qd8 11. h3 Re8 12. 0-0 Bf8 13. b4 g6 14. Bd3 Bg7 15. Bh2 h6 16. Qa4 Nh7 17. b5 Nxc5 18. dxc5 Bxc3 19. Rac1 Qa5 20. Qb3 Bg7 21. Ne5 Bxe5 22. Bxe5 f5 23. Qb2 Qd8 24. Qd4 Qe7 25. bxc6 bxc6 26. Qa4 Qd7 27. Rc3 Ng5 28. Bh2 Nf7 29. Rb1 e5 30. Rcb3 Qc7 31. Ba6 Bxa6 32. Qxa6 Reb8 33. Rb7 Rxb7 34. Qxb7 Rc8 35. f3 g5 36. a4 f4 37. Kf2 Kg7 38. a5 Nd8 39. Qb2 Kf7 40. exf4 exf4 41. a6 Qe7 42. Qc2 Kf6 43. Bg1 Ne6 44. Kf1 d4 45. Qc4 Rd8 46. Rd1 Rd5 47. Bxd4+ Nxd4 48. Rxd4 Rxc5 49. Qe2 Rc1+ 50. Rd1 Qxe2+ 51. Kxe2 Rxd1 52. Kxd1 0-1

[Event "Pan American-ch U16 Girls"]
[Site "Oaxtepec"]
[Date "2014.07.14"]
[Round "5"]
[White "Bykovtsev, Agata"]
[Black "Sarmiento Robles, Paula Andrea"]
[Result "1-0"]
[WhiteElo "2015"]
[BlackElo "1699"]
[PlyCount "63"]
[EventDate "2014.07.11"]
[EventType "swiss"]
[EventRounds "9"]
[EventCountry "MEX"]
[SourceTitle "EXT 2022"]
[Source "ChessBase"]
[SourceDate "2021.10.06"]
[SourceVersion "1"]
[SourceVersionDate "2021.10.06"]
[SourceQuality "1"]

1. e4 c5 2. Nf3 a6 3. d4 cxd4 4. Nxd4 Nf6 5. Nc3 e5 6. Nf3 Bb4 7. Bc4 Qc7 8. Qd3 b5 9. Bb3 Bb7 10. Nd2 Bxc3 11. bxc3 d6 12. Ba3 Ke7 13. Qg3 Nbd7 14. Qxg7 Raf8 15. Qg3 Bxe4 16. Nxe4 Nxe4 17. Qh4+ Ndf6 18. 0-0 Qxc3 19. Rae1 Qd4 20. c3 Qd3 21. Re3 Qxe3 22. fxe3 Rhg8 23. Bxd6+ Kxd6 24. Rxf6+ Nxf6 25. Qxf6+ Kd7 26. Qf5+ Ke7 27. Qxe5+ Kd7 28. Qd5+ Ke7 29. Qe5+ Kd7 30. Bc2 h6 31. Bf5+ Kc6 32. Qf6+ 1-0

[Event "Pan American-ch U16 Girls"]
[Site "Oaxtepec"]
[Date "2014.07.13"]
[Round "4"]
[White "Sarmiento Robles, Paula Andrea"]
[Black "Rodriguez Dominguez, Melissa"]
[Result "1/2-1/2"]
[WhiteElo "1699"]
[BlackElo "1992"]
[PlyCount "39"]
[EventDate "2014.07.11"]
[EventType "swiss"]
[EventRounds "9"]
[EventCountry "MEX"]
[SourceTitle "EXT 2022"]
[Source "ChessBase"]
[SourceDate "2021.10.06"]
[SourceVersion "1"]
[SourceVersionDate "2021.10.06"]
[SourceQuality "1"]

1. e4 e5 2. Nf3 Nc6 3. Bb5 a6 4. Ba4 Nf6 5. d3 b5 6. Bb3 Be7 7. c3 0-0 8. Nbd2 d5 9. 0-0 d4 10. cxd4 exd4 11. a3 Na5 12. e5 Nh5 13. Ba2 Nf4 14. Nb3 Nxb3 15. Bxb3 Ne6 16. a4 Rb8 17. axb5 axb5 18. Ba2 c5 19. Qc2 Bb7 20. Nd2 1/2-1/2

[Event "Mar del Plata Schools 19th"]
[Site "Mar del Plata"]
[Date "2013.11.26"]
[Round "8.4"]
[White "Sarmiento Robles, Paula Andrea"]
[Black "Costa, Ane Caroline"]
[Result "0-1"]
[WhiteElo "1691"]
[BlackElo "1627"]
[PlyCount "132"]
[EventDate "2013.11.23"]
[EventType "team-tourn"]
[EventRounds "9"]
[EventCountry "ARG"]
[SourceTitle "CBM 157 Extra"]
[Source "ChessBase"]
[SourceDate "2013.12.19"]
[SourceVersion "1"]
[SourceVersionDate "2013.12.19"]
[SourceQuality "1"]
[WhiteTeam "Ecuador"]
[BlackTeam "Brazil"]
[WhiteTeamCountry "ECU"]
[BlackTeamCountry "BRA"]

1. e4 c6 2. d4 d5 3. Nc3 dxe4 4. Nxe4 Bf5 5. Ng3 Bg6 6. Nf3 Nd7 7. Bd3 Bxd3 8. Qxd3 Ngf6 9. 0-0 e6 10. c4 Qc7 11. b3 Bd6 12. Re1 0-0 13. Bb2 Rad8 14. Rad1 Rfe8 15. Qc2 a5 16. Re3 Ra8 17. Nd2 a4 18. Nde4 axb3 19. axb3 Be7 20. Nc3 Ra7 21. Qe2 Raa8 22. h3 h6 23. Qd3 Qb6 24. Na4 Rxa4 25. bxa4 Qxb2 26. Rb1 Qa2 27. Rxb7 Qxa4 28. Ne4 Nxe4 29. Rxe4 Nf6 30. Re1 Bd6 31. Reb1 Ra8 32. c5 Bf8 33. R7b4 Qa2 34. R4b3 Nd5 35. R3b2 Qa5 36. Qg3 Rd8 37. Rb3 Qa4 38. Rd1 Nf6 39. Rbd3 Qc4 40. Qe5 Nd5 41. R3d2 Be7 42. Qg3 Bf6 43. Rd3 Kf8 44. Qf3 Kg8 45. Kh1 Rd7 46. R3d2 Rd8 47. Rd3 Nb4 48. Rc3 Qd5 49. Qxd5 Nxd5 50. Rc4 Nc7 51. Ra4 Nd5 52. Kg1 Nc3 53. Rda1 Nxa4 54. Rxa4 Rxd4 55. Ra6 Be5 56. g3 Rc4 57. Rxc6 Rc1+ 58. Kg2 Bd4 59. Rc8+ Kh7 60. Rc7 Kg6 61. c6 Rc2 62. Rd7 Bxf2 63. g4 Bb6+ 64. Kf3 Rxc6 65. h4 Rc4 66. Rd3 Ba5 0-1

[Event "Mar del Plata Schools 19th"]
[Site "Mar del Plata"]
[Date "2013.11.23"]
[Round "2.4"]
[White "Mostacero Velarde, Isabella Maribel"]
[Black "Sarmiento Robles, Paula Andrea"]
[Result "0-1"]
[WhiteElo "1625"]
[BlackElo "1691"]
[PlyCount "106"]
[EventDate "2013.11.23"]
[EventType "team-tourn"]
[EventRounds "9"]
[EventCountry "ARG"]
[SourceTitle "CBM 157 Extra"]
[Source "ChessBase"]
[SourceDate "2013.12.19"]
[SourceVersion "1"]
[SourceVersionDate "2013.12.19"]
[SourceQuality "1"]
[WhiteTeam "Peru"]
[BlackTeam "Ecuador"]
[WhiteTeamCountry "PER"]
[BlackTeamCountry "ECU"]

1. e4 e5 2. Nf3 d6 3. Nc3 Nf6 4. h3 Be7 5. Bc4 0-0 6. 0-0 Re8 7. d4 exd4 8. Nxd4 Bf8 9. Qf3 c6 10. a3 Nbd7 11. Bf4 Qc7 12. Ba2 b5 13. Rad1 Ne5 14. Bxe5 Rxe5 15. Qd3 a6 16. Nf3 Re8 17. Ng5 Be6 18. Nxe6 fxe6 19. Qg3 c5 20. Rfe1 Nd7 21. f4 c4 22. Qf3 Rad8 23. g4 Re7 24. Re2 Rf7 25. Qg3 Nb6 26. f5 exf5 27. gxf5 Qc5+ 28. Qf2 d5 29. Qxc5 Bxc5+ 30. Kg2 d4 31. Red2 Re8 32. Ne2 Rxe4 33. Nxd4 Bxd4 34. Rxd4 Rxd4 35. Rxd4 Rxf5 36. b3 cxb3 37. cxb3 Kf8 38. Bb1 Rg5+ 39. Kf3 Rh5 40. Kg4 Rh6 41. Rd8+ Ke7 42. Rh8 Nd7 43. Kg3 Nf6 44. Ra8 Nd7 45. Rh8 Nf8 46. Bd3 Rh5 47. Bb1 g6 48. b4 Rd5 49. Rg8 Rd1 50. Bc2 Rd2 51. Be4 Kf7 52. Rxf8+ Kxf8 53. Bb7 Rd3+ 0-1

[Event "Wch U12 Girls"]
[Site "Caldas Novas"]
[Date "2011.11.19"]
[Round "2"]
[White "Sarmiento Robles, Paula Andrea"]
[Black "Gazikova, Veronika"]
[Result "0-1"]
[WhiteElo "1690"]
[BlackElo "1925"]
[PlyCount "54"]
[EventDate "2011.11.18"]
[EventType "swiss"]
[EventRounds "9"]
[EventCountry "BRA"]
[SourceTitle "EXT 2013"]
[Source "ChessBase"]
[SourceDate "2012.11.22"]
[SourceVersion "1"]
[SourceVersionDate "2012.11.22"]
[SourceQuality "1"]

1. f4 d5 2. Nf3 Nf6 3. e3 c5 4. b3 Nc6 5. Bb2 Bg4 6. Be2 Bxf3 7. Bxf3 e6 8. 0-0 Be7 9. Nc3 a6 10. e4 d4 11. Ne2 d3 12. Ng3 dxc2 13. Qxc2 0-0 14. Bxf6 Bxf6 15. e5 Nd4 16. Qxc5 Be7 17. Qc3 Rc8 18. Qd3 Qb6 19. Kh1 Rfd8 20. Qe4 Nxf3 21. Qxf3 Rxd2 22. Ne4 Rdc2 23. h4 Qa5 24. Ng5 h6 25. Nh3 R8c3 26. Qxb7 Rxh3+ 27. Kg1 Qc5+ 0-1

[Event "Pan American-ch U12 Girls"]
[Site "Cali"]
[Date "2011.07.08"]
[Round "9"]
[White "Cardona Martinez, Lina Sofia"]
[Black "Sarmiento Robles, Paula Andrea"]
[Result "1-0"]
[WhiteElo "1916"]
[BlackElo "1658"]
[PlyCount "39"]
[EventDate "2011.07.03"]
[EventType "swiss"]
[EventRounds "9"]
[EventCountry "COL"]
[SourceTitle "CBM 143 Extra"]
[Source "ChessBase"]
[SourceDate "2011.08.29"]
[SourceVersion "1"]
[SourceVersionDate "2011.08.29"]
[SourceQuality "1"]

1. e4 e5 2. Nf3 d6 3. d4 Nd7 4. Bc4 c6 5. dxe5 dxe5 6. Ng5 Nh6 7. 0-0 Be7 8. Nf3 Ng4 9. h3 Ngf6 10. Nc3 b5 11. Bd3 0-0 12. Ne2 Re8 13. Ng3 g6 14. Bh6 Bf8 15. Qd2 Bg7 16. Qg5 Qe7 17. Bxg7 Nxe4 18. Bxe4 Kxg7 19. Bxc6 Rb8 20. Bxd7 1-0

[Event "Pan American-ch U12 Girls"]
[Site "Cali"]
[Date "2011.07.06"]
[Round "6"]
[White "Rosado Perez, Maria Jose"]
[Black "Sarmiento Robles, Paula Andrea"]
[Result "0-1"]
[WhiteElo "1936"]
[BlackElo "1658"]
[PlyCount "70"]
[EventDate "2011.07.03"]
[EventType "swiss"]
[EventRounds "9"]
[EventCountry "COL"]
[SourceTitle "CBM 143 Extra"]
[Source "ChessBase"]
[SourceDate "2011.08.29"]
[SourceVersion "1"]
[SourceVersionDate "2011.08.29"]
[SourceQuality "1"]

1. e4 e5 2. Bc4 Nf6 3. d3 d6 4. Bg5 Be7 5. Nc3 Nbd7 6. Nf3 c6 7. 0-0 0-0 8. Nd2 b5 9. Bb3 a5 10. a3 h6 11. Bh4 Re8 12. Bg3 Bf8 13. f4 g6 14. fxe5 dxe5 15. Nf3 Bg7 16. d4 exd4 17. Nxd4 Bb7 18. Kh1 Ne5 19. Bxe5 Rxe5 20. Nf3 Re7 21. Ng1 Ba6 22. Nge2 c5 23. Nd5 Nxd5 24. Bxd5 Bb7 25. Bxb7 Rxb7 26. Qxd8+ Rxd8 27. Nc3 Bxc3 28. bxc3 Rd2 29. Rac1 b4 30. cxb4 cxb4 31. a4 Rc7 32. h3 Rcxc2 33. Rxc2 Rxc2 34. Ra1 Re2 35. Kg1 Rxe4 0-1